Direito administrativo e democracia econômica / (Record no. 345)

MARC details
000 -LÍDER
Campo Fixo de Controle 01136nam a2200289 a 4500
001 - NÚMERO DE CONTROLE
Campo de Controle 345
003 - IDENTIFICAÇÃO DO NÚMERO DE CONTROLE
Campo de Controle BR-CuiBMT
005 - DATA E HORA DA ÚLTIMA ATUALIZAÇÃO
Campo de Controle 20231101040217.0
008 - DADOS FIXOS
Dados Fixos 231101b2012 mgba 00| 0 eng d
020 ## - INTERNATIONAL STANDARD BOOK NUMBER
Nº do ISBN 9788577006199
040 ## - AGÊNCIA CATALOGADORA
Código da Agência Catalogadora BR-CuiBMT
Agência que transcreveu o registro BR-CuiBMT
080 ## - Nº DA CLASSIFICAÇÃO DECIMAL UNIVERSAL
Nº edição CDU 2007
Nº Class. CDU 35:33
090 ## - NÚMERO DE CHAMADA
Nº classificação 35:33
Cutter D598
245 00 - TÍTULO PRINCIPAL
Título principal Direito administrativo e democracia econômica /
Indicação de responsabilidade Daniela Bandeira de Freitas, Vanice Regina Lírio do Vale, coordenadoras ; Felipe Derbli, apresentação ; [autores Alexandre santos de Aragão ... et al.].
260 ## - PUBLICAÇÃO, DISTRIBUIÇÃO, ETC.
Local de publicação Belo Horizonte :
Editora Fórum,
Data 2012
300 ## - DESCRIÇÃO FÍSICA
N. páginas ou volumes 343 p. :
Ilustrações il. ;
Dimensões 21 cm
500 ## - NOTAS GERAIS
Notas gerais Vários autores.
500 ## - NOTAS GERAIS
Notas gerais Informação de autores retirada da capa.
504 ## - NOTA DE BIBLIOGRAFIA, ETC.
Nota de bibliografia Inclui bibliografia.
650 ## - ASSUNTO TÓPICO
Cabeçalho tópico ou nome geográfico Direito administrativo
Subdivisão geral Doutrinas e controvérsias
Subdivisão geográfica Brasil
650 ## - ASSUNTO TÓPICO
Cabeçalho tópico ou nome geográfico Princípio da subsidiariedade
Subdivisão geral Aspectos jurídicos
Subdivisão geográfica Brasil
650 ## - ASSUNTO TÓPICO
Cabeçalho tópico ou nome geográfico Atividade econômica
Subdivisão geral Regulação
Subdivisão geográfica Brasil
700 1# - ENTRADA SECUNDÁRIA -- NOME PESSOAL
Nome pessoal Freitas, Daniela Bandeira de
Cód. do termo explicativo coord.
700 1# - ENTRADA SECUNDÁRIA -- NOME PESSOAL
Nome pessoal Valle, Vanice Regina Lírio do
Cód. do termo explicativo coord.
700 1# - ENTRADA SECUNDÁRIA -- NOME PESSOAL
Nome pessoal Aragão, Alexandre Santos de
Termo de relação et al.
-- autores
942 ## - ELEMENTOS DE ENTRADA ADICIONAIS (KOHA)
Fonte de classificação ou esquema de arquivamento Classificação Decimal Universal
Tipo de item do Koha Livros
Holdings
Estado: removido Estado: perdido Fonte de classificação ou esquema de arquivamento Estado: danificado Indisponível para empréstimo Localização permanente Localização atual Data de aquisição Total Checkouts Número de Chamada completo Código de barras Date last seen Número do exemplar Preço efetivo a partir de Tipo de item (Koha)
    Classificação Decimal Universal     Biblioteca da Escola Superior de Contas do TCE/MT Biblioteca da Escola Superior de Contas do TCE/MT 01/11/2023   35:33 D598 BIBTCEMT23110011 01/11/2023 Ex. 1 01/11/2023 Livros
    Classificação Decimal Universal     Biblioteca da Escola Superior de Contas do TCE/MT Biblioteca da Escola Superior de Contas do TCE/MT 01/11/2023   35:33 D598 BIBTCEMT23110012 01/11/2023 Ex. 2 01/11/2023 Livros

Powered by Koha